El desarrollo mental: estudio de psicogenética

Guardat en:
Dades bibliogràfiques
Autor principal: Hubert, René (Autor)
Format: Llibre
Idioma:espanyol
Publicat: Buenos Aires Kapelusz 1959
Col·lecció:Biblioteca de ciencias de la educación
Matèries:
Etiquetes: Afegir etiqueta
Sense etiquetes, Sigues el primer a etiquetar aquest registre!

MARC

LEADER 00000nam a2200000 a 4500
001 UCY5686
003 CL-VaPUC
008 950512e19590400AG |||||||||||||||||spa|d
082 0 4 |a 155  |b HUB  |2 21 
100 |a Hubert, René  |e author  |9 356773 
245 1 3 |a El desarrollo mental: estudio de psicogenética 
300 |a 2 v 
942 |c BK 
945 |d 19950512 00:00:00  |a mfernand 
260 |a Buenos Aires  |b Kapelusz  |c 1959 
650 0 |a Desarrollo mental   |9 313003 
650 0 |a Psicología del niño  |9 307305 
650 0 |a Psicología del adolescente   |9 307864 
650 7 |a PSICOLOGIA GENETICA  |2 CL-VaPUC  |9 308771 
650 0 |a Psicología del desarrollo  |9 307541 
650 7 |a INFANCIA  |2 CL-VaPUC  |9 334775 
650 0 |a Niños  |9 255605 
650 0 |a Adolescencia  |9 307361 
650 7 |a CARACTER  |2 CL-VaPUC  |9 308186 
650 7 |a MADUREZ  |2 CL-VaPUC  |9 309002 
583 |a last modification  |c 19950512 00:00:00  |k Rodrigo Vera 
490 0 |a Biblioteca de ciencias de la educación 
999 |c 233314  |d 233312 
952 |0 0  |1 0  |4 0  |6 155_000000000000000_HUB_1959  |7 0  |8 P  |9 238742  |a BIBEDU  |b BIBEDU  |c BIBEDU_PB  |d 2019-11-18  |h v.1  |i 1505092  |o 155 HUB 1959  |p 1505092  |r 2024-01-25  |w 2019-11-18  |y BK  |k EDU 
952 |0 0  |1 0  |4 0  |6 155_000000000000000_HUB_1959  |7 0  |8 P  |9 238743  |a BIBEDU  |b BIBEDU  |c BIBEDU_PB  |d 2019-11-18  |h v.2  |i 1505106  |o 155 HUB 1959  |p 1505106  |r 2024-01-25  |w 2019-11-18  |y BK  |k EDU 
952 |0 0  |1 0  |4 0  |6 155_000000000000000_HUB_1959  |7 0  |8 P  |9 238744  |a BIBEDU  |b BIBEDU  |c BIBEDU_PB  |d 2019-11-18  |h v.1  |i 1505114  |o 155 HUB 1959  |p 1505114  |r 2024-01-25  |w 2019-11-18  |y BK  |k EDU 
952 |0 0  |1 0  |4 0  |6 155_000000000000000_HUB_1959  |7 0  |8 P  |9 238745  |a BIBEDU  |b BIBEDU  |c BIBEDU_PB  |d 2019-11-18  |h v.2  |i 1505122  |o 155 HUB 1959  |p 1505122  |r 2024-01-25  |w 2019-11-18  |y BK  |k EDU 
952 |0 0  |1 0  |4 0  |6 155_000000000000000_HUB_1959  |7 0  |8 P  |9 238746  |a BIBEDU  |b BIBEDU  |c BIBEDU_PB  |d 2019-11-18  |h v.2  |i 1505130  |o 155 HUB 1959  |p 1505130  |r 2024-01-25  |w 2019-11-18  |y BK  |k EDU